000 00771nam a22002657a 4500
001 BR6002628
003 BR-BrBNA
005 20230928095556.0
007 ta
008 230509b bl.||||| |||| 00| 0 por d
040 _aBR-BrBNA
_bpor
_cBiblioteca Nacional de Agricultura
041 _a(Por)
072 _aC20
090 _ C20 BR6002628
110 1 _aEscola Superior de Agricultura Luiz de Queiroz, Piracicaba, SP (Brasil). Depto. de Ciencias Sociais Aplicadas
_94384
245 1 _aDepartamento de Ciencias Sociais Aplicadas. Informacoes gerais
260 3 _a[np](Brasil):
_c1971.
300 _avp.
650 _aEnsino Superior
650 _aUniversidade
650 _aCurso
650 _aEducacao
909 _a202309
_bLucia
_c55
_dLucia Elande
942 _cBK
999 _c57381
_d57381